LEADER 01711nam 2200373Ia 450 001 996384883203316 005 20200824132719.0 035 $a(CKB)4940000000074335 035 $a(EEBO)2264206263 035 $a(OCoLC)ocm11957776e 035 $a(OCoLC)11957776 035 $a(EXLCZ)994940000000074335 100 $a19850424d1696 uy | 101 0 $aeng 135 $aurbn||||a|bb| 200 14$aThe works of the Most Reverend Dr. John Tillotson, late Lord Archbishop of Canterbury$b[electronic resource] $econtaining fifty four sermons and discourses, on several occasions : together with The rule of faith, being all that were published by His Grace himself, and now collected into one volume : to which is added, an alphabetical table of the principal matters 210 $aLondon $cPrinted for B. Aylmer ..., and W. Rogers ...$d1696 215 $a[22], 779, [21] p. $cport 300 $aFirst edition. 300 $aA table [i.e. index]: p. [2]-[21] at end. 300 $aThe rule of faith, or, An answer to the treatise of Mr. I.S. entitled Sure-footing, &c. ... 4th edition. London : Printed by J.R. for Brabazon Aylmer ... and William Rogers ..., 1695 (p. [665]-779) has special title page. 300 $aReproduction of original in Union Theological Seminary Library, New York. 330 $aeebo-0160 606 $aSermons, English$y17th century 615 0$aSermons, English 700 $aTillotson$b John$f1630-1694.$0279222 801 0$bEAA 801 1$bEAA 801 2$bm/c 801 2$bWaOLN 906 $aBOOK 912 $a996384883203316 996 $aThe works of the Most Reverend Dr. John Tillotson, late Lord Archbishop of Canterbury$92380145 997 $aUNISA